000 01056cam a2200229 4500
001 ABS63313
008 000000n2000 000 0 eng u
035 _a(Sirsi) u110201
100 _aHolmans, A.
245 4 _aThe house always wins
260 _c2000
490 _aHousing Today
_v(213) 7 December 2000, 16-17(2)
520 _a"Counting the cost of housing: the future of housing costs in relation to income and access to home ownenship" produced by the Cambridge Centre of Housing and Planning Research on behalf of the National Housing Federation and the Chartered Institute of Housing analyses affordability of housing in terms of house prices and average earnings ratios. Predicts that house prices will continue to rise faster than earnings. Summary of report available from National Housing Federation 020 7843 2234.
590 _aABS
650 _aHOUSE PRICES
650 _aAVERAGE EARNINGS
650 _aAFFORDABILITY
650 _aHOUSEHOLDS
650 _aHOME OWNERSHIP
690 _aHOUSING-OWNER OCCUPIED
942 _n0
999 _c65720
_d65720